Paul Adam (Record no. 47789)
[ view plain ]
| 000 -LEADER | |
|---|---|
| campo de control de longitud fija | 01196nam a2200265 i 4500 |
| 001 - NÚMERO DE CONTROL | |
| campo de control | 47789 |
| 003 - IDENTIFICADOR DE NÚMERO DE CONTROL | |
| campo de control | ES-MaACL |
| 005 - FECHA Y HORA DE LA ÚLTIMA TRANSACCIÓN | |
| campo de control | 20250714164008.0 |
| 007 - CAMPO FIJO DE DESCRIPCIÓN FÍSICA--INFORMACIÓN GENERAL | |
| campo de control de longitud fija | t| |
| 008 - DATOS DE LONGITUD FIJA--INFORMACIÓN GENERAL | |
| campo de control de longitud fija | 030131s1903 fr acf |||| |bfre d |
| 100 1# - ENTRADA PRINCIPAL--NOMBRE DE PERSONA | |
| Nombre de persona | Batilliat, Marcel. |
| 9 (RLIN) | 26427 |
| 245 10 - MENCIÓN DEL TÍTULO | |
| Título | Paul Adam |
| Resto del título | : biographie illustrée de portraits, caricatures, autographes ; suivie de divers fragments de critique et d'un essai de bibliographie... / |
| Mención de responsabilidad, etc. | par Marcel Batilliat ; portrait-frontispice de Jacques Blanche ; têtes de pages, lettres ornées et culs-de-lampe d'Orazi. |
| 260 ## - PUBLICACIÓN, DISTRIBUCIÓN, ETC. | |
| Lugar de publicación, distribución, etc. | Paris : |
| Nombre del editor, distribuidor, etc. | Bibliothèque Internationale d'éditiont, |
| Fecha de publicación, distribución, etc. | 1903. |
| 300 ## - DESCRIPCIÓN FÍSICA | |
| Extensión | 35 p., [2] h. de lám. : |
| Otras características físicas | il. ; |
| Dimensiones | 18 cm. |
| 490 1# - MENCIÓN DE SERIE | |
| Mención de serie | Les célébrités d'aujourd'hui |
| 530 ## - NOTA DISPONIBLE DE FORMULARIO FÍSICO ADICIONAL | |
| Nota de formato físico adicional disponible | Disponible en formato digital. |
| 600 14 - PUNTO DE ACCESO ADICIONAL DE MATERIA--NOMBRE DE PERSONA | |
| Nombre de persona | Adam, Paul. |
| 9 (RLIN) | 18367 |
| 700 1# - ENTRADA AGREGADA--NOMBRE PERSONAL | |
| Nombre de persona | Blanche, Jacques-Emile. |
| 9 (RLIN) | 29149 |
| 700 1# - ENTRADA AGREGADA--NOMBRE PERSONAL | |
| Nombre de persona | Orazi, Manuel ( |
| Fechas asociadas al nombre | 1860-1934) |
| 9 (RLIN) | 148391 |
| 830 0# - PUNTO DE ACCESO ADICIONAL DE SERIE-TÍTULO UNIFORME | |
| Título uniforme | Les célébrités d'aujourd'hui |
| 9 (RLIN) | 180788 |
| 852 ## - LOCALIZACIÓN | |
| Ubicación | ES-MaACL |
| Número de control de estantería | D-748(2) |
| Nota libre | Revisado enlace: 14 de julio de 2025 |
| Ubicación en estantería | Sala Valle Inclán |
| Encuadernación | Encuadernada con otras obras |
| 856 4# - LOCALIZACIÓN Y ACCESO ELECTRÓNICOS | |
| Identificador Uniforme de Recursos | <a href="https://archive.org/details/pauladamportrait00batiuoft">https://archive.org/details/pauladamportrait00batiuoft</a> |
| Texto de enlace | Internet Archive |
| 942 ## - ELEMENTOS DE ENTRADA SECUNDARIOS (KOHA) | |
| Fuente del sistema de clasificación o colocación | Clasificación decimal universal |
| Estatus retirado | Estado de pérdida | Estado de daño | No para préstamo | Colección | Biblioteca de origen | Biblioteca actual | Ubicación en estantería | Fecha de adquisición | Fuente de adquisición | Total de préstamos | Signatura topográfica completa | Código de barras | Visto por última vez | Precio de reemplazo | Tipo de ítem Koha |
|---|---|---|---|---|---|---|---|---|---|---|---|---|---|---|---|
| Colección digital | Biblioteca del Ateneo de Madrid | Biblioteca del Ateneo de Madrid | Sala Valle Inclán | 17/01/2008 | D-748(2) | 901050292 | 23/02/2023 | 23/02/2023 | Libro impreso |
